000 01095cad a2200253 4500
001 L158784
008 100215n2013 000 0 eng u
020 _a9781783210305
035 _a(Sirsi) u158784
041 _aeng
100 1 _aPin, Lim
111 2 _aConstruction and Building Research Conference
_cIIT Delhi, New Delhi
_d10-12 September 2013
245 0 4 _aThe duties imposed by the Workplace Safety and Health Act (cap 354a, 2007 rev ed) in Singapore and the common law duty of care
_h[electronic resource]
260 _aLondon
_bRICS
_c2013
490 0 _aCOBRA
_v2013
520 _aA paper presented at the COBRA Conference in New Delhi on 10-12 September 2013. Looks at common law duties of care in relation to those imposed on the building industry in Singapore via the Workplace Safety And Health Act.
650 2 4 _aCONSTRUCTION AND BUILDING RESEARCH CONFERENCE (COBRA)
650 2 4 _aTAN JUAY PAH V KIMLY CONSTRUCTION PTE
650 2 4 _aWORKPLACE SAFETY AND HEATH ACT
650 2 4 _aDUTY OF CARE
651 4 _aSingapore
690 _aHealth and safety
_96244
942 _n0
999 _c115504
_d115504